| 000 | 00641nam a2200205Ia 4500 | ||
|---|---|---|---|
| 005 | 20250508162834.0 | ||
| 008 | 008 250505s9999 xx 000 0 eng d | ||
| 020 | _a0-19-823960-2 | ||
| 037 | _aTextual | ||
| 040 |
_aFEDL _beng _cFEDL |
||
| 041 |
_aeng _2eng |
||
| 084 |
_a181.4, MOH _qFEDL |
||
| 100 | _aMohanty Jitendra Nath | ||
| 245 | 0 | _aReason and tradition in Indian thought: An essay on the nature of Indian philosophical thinking | |
| 260 |
_aOxford, UK _bOxford University Press _c1992 |
||
| 300 | _ax,306p | ||
| 650 |
_aOriental philosophy _9755543 |
||
| 942 |
_cTEXL _h181.4, MOH |
||
| 999 |
_c1378980 _d1378980 |
||